LDR 00933naa#a2200181#i#450# 001 RU\RIOR\bibl\120694 005 20260705080959.7 011 ## _a2308-0191 100 ## _a20260629b2026####ek#y0rusy0150####ca 102 ## _aRU 200 1# _aПерспективы комплексной реновации промышленных территорий в арт-кластеры _eЖурнальная статья 210 1# _aМосква _cООО "Издательский Центр РИОР" _d2026 215 ## _a0 с. 608 ## _aЖурнальная статья _2local 675 ## _aСпециальные сооружения, инженерное оборудование и установки промышленных зданий в целом. 725.41 _aРеконструкция. 69.059.7 _z 700 #1 _aМайорова _gАлина Валерьевна 700 #1 _aПономарев _gЕвгений Сергеевич 856 4# _anaukaru.ru _u